A history of civilizations
Αποθηκεύτηκε σε:
| Κύριος συγγραφέας: | |
|---|---|
| Μορφή: | Βιβλίο |
| Γλώσσα: | English French |
| Δημοσίευση: |
New York :
Penguin Books,
1993.
|
| Θέματα: | |
| Ετικέτες: |
Προσθήκη ετικέτας
Δεν υπάρχουν, Καταχωρήστε ετικέτα πρώτοι!
|
MARC
| LEADER | 00000cam a2200000 i 4500 | ||
|---|---|---|---|
| 001 | 1/6035 | ||
| 008 | 960621s1993 nyu| ||| |||| ||eng|| | ||
| 020 | |a 0140124896 | ||
| 035 | |l 10016214 | ||
| 040 | |a GR-MyUa |b gre |e AACR2 | ||
| 041 | 1 | |a eng |h fre | |
| 082 | 7 | |a 909 |2 (22) | |
| 100 | 1 | |a Braudel, Fernand. | |
| 245 | 1 | 2 | |a A history of civilizations / |c Fernand Braudel ; translated by Richard Mayne. |
| 260 | |a New York : |b Penguin Books, |c 1993. | ||
| 300 | |a 600 σ. ; |c 24 εκ. | ||
| 500 | |a First published in France as Grammaire des Civilizations, Les Editions Arthaud 1987. | ||
| 500 | |a Περιλαμβάνει ευρετήριο. | ||
| 650 | 0 | |a Civilization |x History. | |
| 765 | 0 | 8 | |i Μετάφραση του: |t Grammaire des civilisations / |
| 852 | |a INST |b LESVOS |e 19960621 |h 909 BRA |p 005100009875 |q 005100009875 |t BK |y 0 | ||